| 000 | 00589ntaaa2200193 4500 | ||
|---|---|---|---|
| 003 | 01 | ||
| 005 | 20251027202241.0 | ||
| 008 | 0714s1973 ag 01 | ||
| 040 |
_aAR-BaBN _bspa _cAR-BaBN _eaacr _dRIC |
||
| 082 | _a268.1400 M22f | ||
| 100 | _aMcMurray, Maria H de | ||
| 245 | _aFuego en mi ser | ||
| 250 | _a1 ed. | ||
| 260 |
_aEl Paso : _bCasa Bautista de Publicaciones, _c1973 |
||
| 300 | _a80, 16 p | ||
| 500 | _aEscuela bíblica de vacaciones. Libro de texto para el maestro, Intermedios A.Ej1 (30305) perdido y pagada 8/77 | ||
| 650 | _aescuela bíblica de vacaciones | ||
| 942 | _cBK | ||
| 999 |
_c17270 _d17270 |
||